Normal view
MARC view
Entry Nombre geográfico
001 - NÚMERO DE CONTROL
- campo de control: 80754
003 - IDENTIFICADOR DEL NÚMERO DE CONTROL
- campo de control: DO-SdBNP
005 - FECHA Y HORA DE LA ÚLTIMA TRANSACCIÓN
- campo de control: 20211126115001.0
008 - DATOS DE LONGITUD FIJA
- campo de control de longitud fija: 211126|| aca||aabn | a|a d
040 ## - FUENTE DE LA CATALOGACIÓN
- Centro catalogador/agencia de origen: DO-SdBNP
- Centro/agencia transcriptor: DO-SdBNP
151 ## - ENCABEZAMIENTO--NOMBRE GEOGRÁFICO
- Nombre geográfico: Santo Domingo (República Dominicana) en la literatura
- Subdivisión de forma: Ensayos, conferencias, etc
670 ## - FUENTE DE DATOS ENCONTRADOS
- Cita de la fuente: Work cat.: (DO-SdBNP)11192: (Foro de la Literatura sobre la ciudad de Santo Domingo] [1. : 1996 Santo Domingo ) 27198, La ciudad de Santo Domingo en la literatura :, 1997.
